| 000 | 00896nam a22001937a 4500 | ||
|---|---|---|---|
| 008 | 100628t xxu||||| |||| 00| 0 ara d | ||
| 020 | _a9775258006 | ||
| 082 |
_222 _a257.1962 _bب ل هـ |
||
| 100 |
_915343 _aبله ، أحمد بن |
||
| 245 |
_aعن الناصرية والأسلام / _cأحمد بن بله [...واخ] ؛ المحرر عبد الحليم قنديل |
||
| 260 |
_aالقاهرة : _bمركز إعلام الوطن العربي ، _c1991. |
||
| 300 |
_a393 ص : _c24 سم. |
||
| 500 | _aيحتوي على فهرس | ||
| 650 |
_915346 _aالإسلام _xنظام الحكم _zمصر |
||
| 650 |
_915344 _aالناصرية |
||
| 700 |
_915342 _aقنديل ، عبد الحليم _eالمحرر |
||
| 942 |
_2ddc _cBB |
||
| 999 |
_c14252 _d14252 |
||